Vietnam takes away from China as Hanoi rocks (Record no. 80032)

MARC details
000 -LEADER
fixed length control field 00970cab a22002055a 4500
001 - CONTROL NUMBER
control field L143039
008 - FIXED-LENGTH DATA ELEMENTS--GENERAL INFORMATION
fixed length control field 080214s2008 xxkad f s 000 0 eng d
035 ## - SYSTEM CONTROL NUMBER
System control number (Sirsi) u143039
041 0# - LANGUAGE CODE
Language code of text/sound track or separate title eng
110 2# - MAIN ENTRY--CORPORATE NAME
Corporate name or jurisdiction name as entry element GlobalProperty
9 (RLIN) 5528
245 00 - TITLE STATEMENT
Title Vietnam takes away from China as Hanoi rocks
260 ## - PUBLICATION, DISTRIBUTION, ETC.
Date of publication, distribution, etc. 2008
490 #0 - SERIES STATEMENT
Series statement EuroProperty
Volume/sequential designation March 2008, 30-31(2)
520 ## - SUMMARY, ETC.
Summary, etc. Reports that despite being officially communist, Vietnam is emerging as the next tiger economy. Finds that prospects for investors are improving but still limited. Suggests that this is due to the establishment of market reforms in 1986 which, have led to greatly increased direct foreign investment. However, it also finds that the office sector is still not ready for the new corporate real estate market. Expects the retail market to accelerate.
590 ## - LOCAL NOTE (RLIN)
Local note KA
651 #4 - SUBJECT ADDED ENTRY--GEOGRAPHIC NAME
Geographic name China
651 #4 - SUBJECT ADDED ENTRY--GEOGRAPHIC NAME
Geographic name Vietnam
690 ## - LOCAL SUBJECT ADDED ENTRY--TOPICAL TERM (OCLC, RLIN)
Topical term or geographic name as entry element PROPERTY-COMMERCIAL PROPERTY-COMMERCIAL PROPERTY MARKET
942 ## - ADDED ENTRY ELEMENTS (KOHA)
Suppress in OPAC 0
Holdings
Withdrawn status Lost status Source of classification or shelving scheme Damaged status Not for loan Home library Current library Shelving location Date acquired Total Checkouts Full call number Barcode Date last seen Copy number Price effective from Koha item type
    Dewey Decimal Classification     London London Journal article 03/04/2008   L143039 143039-1001 06/08/2019 1 06/08/2019 Journal article